Catálogo

Don Bosco : (Registro nro. 23250)

Detalles MARC
000 -LEADER
fixed length control field 00839cam a2200253 i 4500
001 - CONTROL NUMBER
control field 23250
003 - CONTROL NUMBER IDENTIFIER
control field Mx-PuUPA
005 - DATE AND TIME OF LATEST TRANSACTION
control field 20210118140344.0
008 - FIXED-LENGTH DATA ELEMENTS--GENERAL INFORMATION
fixed length control field 140415s1970 ve r 000 0 spa d
040 ## - CATALOGING SOURCE
Original cataloging agency MX-PuUPA
Language of cataloging spa
Description conventions rda
Transcribing agency Mx-PuUPA
Modifying agency Mx-PuUPA
041 0# - LANGUAGE CODE
Language code of text/sound track or separate title spa
100 1# - MAIN ENTRY--PERSONAL NAME
Personal name Donno, Olindo del,
Dates associated with a name 1912-2009,
Relator term autor
9 (RLIN) 5877
245 10 - TITLE STATEMENT
Title Don Bosco :
Remainder of title educador por vocación /
Statement of responsibility, etc. Olindo del Donno ; edición cuidada por Bárbara Mastella.
250 ## - EDITION STATEMENT
Edition statement 2a. edición
264 #1 - PRODUCTION, PUBLICATION, DISTRIBUTION, MANUFACTURE, AND COPYRIGHT NOTICE
Place of production, publication, distribution, manufacture Varacas :
Name of producer, publisher, distributor, manufacturer Libreria Editorial Selesiana,
Date of production, publication, distribution, manufacture, or copyright notice 1970
300 ## - PHYSICAL DESCRIPTION
Extent 267 páginas ;
Dimensions 23 cm.
336 ## - CONTENT TYPE
Content type term texto
Fuente rdacontent
Content type code txt
337 ## - MEDIA TYPE
Media type term sin medio
Source rdamedia
Media type code n
338 ## - CARRIER TYPE
Carrier type term volumen
Source rdacarrier
Carrier type code nc
650 #4 - SUBJECT ADDED ENTRY--TOPICAL TERM
Topical term or geographic name entry element Pedagogía
700 1# - ADDED ENTRY--PERSONAL NAME
Personal name Mastella, Bárbara,
Relator term editor
942 ## - ADDED ENTRY ELEMENTS (KOHA)
Source of classification or shelving scheme Dewey Decimal Classification
Koha item type Libro
Classification part 371.3
Item part D6745
Existencias
Withdrawn status Lost status Source of classification or shelving scheme Damaged status Not for loan Collection code Home library Current library Shelving location Date acquired Source of acquisition Total Checkouts Full call number Barcode Date last seen Date last checked out Price effective from Koha item type
    Dewey Decimal Classification     General Biblioteca Karol Wojtyla Biblioteca Karol Wojtyla Sala general 03/12/2013 Compra   371.3 D6745 1970 44025 05/01/2026 12/02/2015 16/03/2018 Libro